[Event "DVM U16 2021"]
[Site "Kiel GER"]
[Date "2022.07.25"]
[Round "5"]
[White "Cilo, Selimhan"]
[Black "Danninger, Jannik"]
[Result "0-1"]
[Termination "normal"]
[Board "6.1"]
[WhiteElo "1500"]
[BlackElo "1840"]
[WhiteClock "00:27:14"]
[BlackClock "00:00:40"]
[WhiteTeam "SF 1876 Göppingen"]
[BlackTeam "TV Tegernsee"]
[PlyCount "92"]
[WhiteFideId "16246756"]
[BlackFideId "16226402"]
[EventCountry "GER"]
[EventRounds "7"]
[EventType "team-swiss"]
[EventDate "2022.07.22"]

1. e4 {[%clk 01:30:58]} c5 {[%clk 01:30:53]} {[%emt 00:00:07]} 2. Nf3 {[%clk
01:31:23]} {[%emt 00:00:05]} d6 {[%clk 01:31:18]} {[%emt 00:00:05]} 3. d4
{[%clk 01:31:47]} {[%emt 00:00:06]} cxd4 {[%clk 01:31:43]} {[%emt 00:00:05]} 4.
Nxd4 {[%clk 01:32:11]} {[%emt 00:00:06]} Nf6 {[%clk 01:32:09]} {[%emt
00:00:04]} 5. Nc3 {[%clk 01:32:34]} {[%emt 00:00:08]} g6 {[%clk 01:32:18]}
{[%emt 00:00:20]} 6. f4 {[%clk 01:32:53]} {[%emt 00:00:10]} Nc6 {[%clk
01:31:07]} {[%emt 00:01:42]} 7. Be2 {[%clk 01:33:15]} {[%emt 00:00:08]} Bg7
{[%clk 01:31:22]} {[%emt 00:00:14]} 8. Be3 {[%clk 01:33:40]} {[%emt 00:00:06]}
O-O {[%clk 01:31:23]} {[%emt 00:00:30]} 9. O-O {[%clk 01:34:04]} {[%emt
00:00:05]} Qb6 {[%clk 01:21:59]} {[%emt 00:09:53]} 10. Qd3 {[%clk 01:34:21]}
{[%emt 00:00:14]} Nxd4 {[%clk 01:16:03]} {[%emt 00:06:27]} 11. Bxd4 {[%clk
01:33:20]} {[%emt 00:01:30]} Qc6 {[%clk 01:16:13]} {[%emt 00:00:20]} 12. Bf3
{[%clk 01:32:32]} {[%emt 00:01:19]} Qc7 {[%clk 01:08:10]} {[%emt 00:08:33]} 13.
e5 {[%clk 01:27:54]} {[%emt 00:05:07]} Bf5 {[%clk 00:57:30]} {[%emt 00:11:11]}
14. exf6 {[%clk 01:13:23]} {[%emt 00:15:00]} Bxd3 {[%clk 00:56:58]} {[%emt
00:01:01]} 15. fxg7 {[%clk 01:13:47]} {[%emt 00:00:06]} Bxf1 {[%clk 00:56:34]}
{[%emt 00:00:54]} 16. gxf8=Q+ {[%clk 01:13:40]} {[%emt 00:00:09]} Kxf8 {[%clk
00:57:03]} 17. Rxf1 {[%clk 01:14:01]} {[%emt 00:00:39]} Rc8 {[%clk 00:49:51]}
{[%emt 00:07:42]} 18. Bd5 {[%clk 01:10:40]} {[%emt 00:03:51]} Qa5 {[%clk
00:41:27]} {[%emt 00:08:54]} 19. Bb3 {[%clk 01:04:08]} {[%emt 00:07:02]} Qb4
{[%clk 00:35:01]} {[%emt 00:06:56]} 20. Rd1 {[%clk 01:01:48]} {[%emt 00:02:50]}
e6 {[%clk 00:32:55]} {[%emt 00:02:36]} 21. a3 {[%clk 00:52:26]} {[%emt
00:09:52]} Qa5 {[%clk 00:32:02]} {[%emt 00:01:23]} 22. Ne4 {[%clk 00:51:47]}
{[%emt 00:01:08]} Rc6 {[%clk 00:30:34]} {[%emt 00:01:59]} 23. Bc3 {[%clk
00:47:06]} {[%emt 00:05:10]} Qb6+ {[%clk 00:24:17]} {[%emt 00:06:47]} 24. Kh1
{[%clk 00:47:21]} {[%emt 00:00:15]} a5 {[%clk 00:18:00]} {[%emt 00:06:48]} 25.
Nf6 {[%clk 00:29:42]} {[%emt 00:18:09]} Ke7 {[%clk 00:16:37]} {[%emt 00:01:52]}
26. Nxh7 {[%clk 00:29:46]} {[%emt 00:00:27]} Rxc3 {[%clk 00:14:05]} {[%emt
00:03:02]} 27. bxc3 {[%clk 00:29:52]} {[%emt 00:00:24]} a4 {[%clk 00:08:30]}
{[%emt 00:06:05]} 28. Bc4 {[%clk 00:27:48]} {[%emt 00:02:34]} Qc5 {[%clk
00:08:38]} {[%emt 00:00:22]} 29. Bd3 {[%clk 00:26:29]} {[%emt 00:01:48]} Qh5
{[%clk 00:08:01]} {[%emt 00:01:06]} 30. Rb1 {[%clk 00:25:53]} {[%emt 00:01:07]}
Qxh7 {[%clk 00:08:24]} {[%emt 00:00:07]} 31. Rxb7+ {[%clk 00:26:13]} {[%emt
00:00:10]} Kf6 {[%clk 00:08:08]} {[%emt 00:00:46]} 32. g4 {[%clk 00:26:38]}
{[%emt 00:00:05]} Qh3 {[%clk 00:06:23]} {[%emt 00:02:15]} 33. g5+ {[%clk
00:26:24]} {[%emt 00:00:44]} Kg7 {[%clk 00:06:48]} {[%emt 00:00:05]} 34. Rb4
{[%clk 00:26:48]} {[%emt 00:00:06]} Qf3+ {[%clk 00:06:47]} {[%emt 00:00:31]}
35. Kg1 {[%clk 00:27:11]} {[%emt 00:00:07]} Qe3+ {[%clk 00:05:58]} {[%emt
00:01:20]} 36. Kg2 {[%clk 00:26:54]} {[%emt 00:00:47]} Qd2+ {[%clk 00:06:12]}
{[%emt 00:00:15]} 37. Kg3 {[%clk 00:27:03]} {[%emt 00:00:22]} Qe1+ {[%clk
00:05:38]} {[%emt 00:01:03]} 38. Kh3 {[%clk 00:27:08]} {[%emt 00:00:26]} Qxc3
{[%clk 00:04:57]} {[%emt 00:01:11]} 39. Rxa4 {[%clk 00:27:33]} {[%emt
00:00:05]} Qc6 {[%clk 00:04:50]} {[%emt 00:00:36]} 40. Re4 {[%clk 00:27:21]}
{[%emt 00:00:43]} Qc5 {[%clk 00:03:39]} {[%emt 00:01:41]} 41. a4 {[%clk
00:26:38]} {[%emt 00:01:12]} d5 {[%clk 00:02:53]} {[%emt 00:01:17]} 42. Re1
{[%clk 00:26:42]} {[%emt 00:00:26]} Qb4 {[%clk 00:02:37]} {[%emt 00:00:45]} 43.
Ra1 {[%clk 00:26:37]} {[%emt 00:00:36]} Qxf4 {[%clk 00:02:50]} {[%emt
00:00:16]} 44. a5 {[%clk 00:26:51]} {[%emt 00:00:17]} Qxg5 {[%clk 00:01:15]}
{[%emt 00:02:05]} 45. a6 {[%clk 00:27:13]} {[%emt 00:00:08]} f5 {[%clk
00:01:34]} {[%emt 00:00:10]} 46. Ra4 {[%clk 00:27:14]} {[%emt 00:00:29]} d4
{[%clk 00:00:40]} {[%emt 00:01:24]} 0-1

[Event "DVM U16 2021"]
[Site "Kiel GER"]
[Date "2022.07.25"]
[Round "5"]
[White "Andrade, Ruben"]
[Black "Kittel, Lennart"]
[Result "1-0"]
[Termination "normal"]
[Board "6.2"]
[WhiteElo "1614"]
[BlackElo "1557"]
[WhiteClock "00:01:28"]
[BlackClock "00:01:16"]
[WhiteTeam "TV Tegernsee"]
[BlackTeam "SF 1876 Göppingen"]
[PlyCount "115"]
[WhiteFideId "16246829"]
[BlackFideId "16254171"]
[EventCountry "GER"]
[EventRounds "7"]
[EventType "team-swiss"]
[EventDate "2022.07.22"]

1. e4 {[%clk 01:30:58]} e5 {[%clk 01:30:54]} {[%emt 00:00:06]} 2. Nf3 {[%clk
01:31:24]} {[%emt 00:00:04]} Nf6 {[%clk 01:31:14]} {[%emt 00:00:10]} 3. Nxe5
{[%clk 01:31:11]} {[%emt 00:00:44]} d6 {[%clk 01:31:33]} {[%emt 00:00:10]} 4.
Nf3 {[%clk 01:31:37]} {[%emt 00:00:04]} Nxe4 {[%clk 01:31:41]} {[%emt
00:00:21]} 5. Nc3 {[%clk 01:31:01]} {[%emt 00:01:07]} Nxc3 {[%clk 01:32:01]}
{[%emt 00:00:11]} 6. dxc3 {[%clk 01:31:29]} {[%emt 00:00:02]} Be7 {[%clk
01:32:05]} {[%emt 00:00:25]} 7. Be3 {[%clk 01:31:39]} {[%emt 00:00:20]} Nc6
{[%clk 01:31:33]} {[%emt 00:01:02]} 8. Qd2 {[%clk 01:30:57]} {[%emt 00:01:12]}
Be6 {[%clk 01:31:39]} {[%emt 00:00:23]} 9. Bd3 {[%clk 01:27:44]} {[%emt
00:03:43]} Qd7 {[%clk 01:30:42]} {[%emt 00:01:27]} 10. Nd4 {[%clk 01:22:07]}
{[%emt 00:06:08]} Bf6 {[%clk 01:21:03]} {[%emt 00:10:09]} 11. Nxe6 {[%clk
01:21:32]} {[%emt 00:01:05]} Qxe6 {[%clk 01:17:45]} {[%emt 00:03:48]} 12. O-O
{[%clk 01:17:36]} {[%emt 00:04:26]} O-O {[%clk 01:14:02]} {[%emt 00:04:13]} 13.
f4 {[%clk 01:10:52]} {[%emt 00:07:14]} Rfe8 {[%clk 01:06:52]} {[%emt 00:07:40]}
14. Rf3 {[%clk 01:09:38]} {[%emt 00:01:44]} d5 {[%clk 00:56:24]} {[%emt
00:10:58]} 15. Rh3 {[%clk 01:05:41]} {[%emt 00:04:26]} h5 {[%clk 00:45:41]}
{[%emt 00:11:15]} 16. Bf2 {[%clk 00:39:35]} {[%emt 00:26:34]} Qg4 {[%clk
00:39:29]} {[%emt 00:06:42]} 17. Rg3 {[%clk 00:33:17]} {[%emt 00:06:49]} Qd7
{[%clk 00:36:38]} {[%emt 00:03:20]} 18. Qd1 {[%clk 00:29:23]} {[%emt 00:04:25]}
h4 {[%clk 00:27:51]} {[%emt 00:09:17]} 19. Qh5 {[%emt 00:11:11]} d4 {[%clk
00:20:13]} {[%emt 00:00:01]} 20. Qh7+ {[%clk 00:18:57]} {[%emt 00:08:21]} Kf8
{[%clk 00:20:34]} {[%emt 00:00:09]} 21. Bf5 {[%clk 00:14:22]} {[%emt 00:05:05]}
Qd5 {[%clk 00:18:40]} {[%emt 00:02:24]} 22. Rd3 {[%clk 00:08:01]} {[%emt
00:06:51]} g6 {[%clk 00:15:37]} {[%emt 00:03:34]} 23. Bxg6 {[%clk 00:03:23]}
{[%emt 00:05:08]} fxg6 {[%clk 00:15:47]} {[%emt 00:00:20]} 24. Qxg6 {[%clk
00:02:49]} {[%emt 00:01:04]} Qf7 {[%clk 00:13:20]} {[%emt 00:02:57]} 25. Qg4
{[%clk 00:03:15]} {[%emt 00:00:04]} Re4 {[%clk 00:12:43]} {[%emt 00:01:07]} 26.
Rad1 {[%clk 00:02:18]} {[%emt 00:01:26]} Rd8 {[%clk 00:12:01]} {[%emt
00:01:12]} 27. Bxh4 {[%clk 00:01:18]} {[%emt 00:01:31]} Bxh4 {[%clk 00:11:57]}
{[%emt 00:00:34]} 28. Qxh4 {[%clk 00:01:47]} {[%emt 00:00:01]} Rxf4 {[%clk
00:10:54]} {[%emt 00:01:33]} 29. Qh6+ {[%clk 00:01:28]} {[%emt 00:00:50]} Ke8
{[%clk 00:09:04]} {[%emt 00:02:19]} 30. Rg3 {[%clk 00:01:14]} {[%emt 00:00:44]}
Rf6 {[%clk 00:05:44]} {[%emt 00:03:50]} 31. Re1+ {[%clk 00:01:40]} {[%emt
00:00:04]} Ne7 {[%clk 00:03:14]} {[%emt 00:03:00]} 32. Qg5 {[%clk 00:01:10]}
{[%emt 00:00:59]} Kd7 {[%clk 00:02:04]} {[%emt 00:01:41]} 33. Qg4+ {[%clk
00:01:27]} {[%emt 00:00:12]} Nf5 {[%clk 00:01:43]} {[%emt 00:00:51]} 34. Rf3
{[%clk 00:00:44]} {[%emt 00:01:15]} Kc8 {[%clk 00:01:13]} {[%emt 00:00:59]} 35.
Ref1 {[%clk 00:00:58]} {[%emt 00:00:16]} Rf8 {[%clk 00:00:50]} {[%emt
00:00:53]} 36. cxd4 {[%clk 00:01:05]} {[%emt 00:00:23]} Qd5 {[%clk 00:00:50]}
{[%emt 00:00:30]} 37. c4 {[%clk 00:00:46]} {[%emt 00:00:48]} Qd7 {[%clk
00:00:34]} {[%emt 00:00:46]} 38. d5 {[%clk 00:00:37]} {[%emt 00:00:39]} b6
{[%clk 00:00:34]} {[%emt 00:00:31]} 39. Qg5 {[%clk 00:00:37]} {[%emt 00:00:30]}
R6f7 {[%clk 00:00:38]} {[%emt 00:00:27]} 40. Qg4 {[%clk 00:00:32]} {[%emt
00:00:34]} Nd6 {[%clk 00:00:33]} {[%emt 00:00:35]} 41. Qh5 {[%clk 00:23:30]}
{[%emt 00:07:31]} Rxf3 {[%clk 00:27:42]} {[%emt 00:03:22]} 42. Rxf3 {[%clk
00:23:51]} {[%emt 00:00:08]} Rxf3 {[%clk 00:26:55]} {[%emt 00:01:17]} 43. Qxf3
{[%clk 00:24:16]} {[%emt 00:00:05]} Nxc4 {[%clk 00:25:45]} {[%emt 00:01:40]}
44. b3 {[%clk 00:13:58]} {[%emt 00:10:48]} Ne5 {[%clk 00:20:41]} {[%emt
00:05:34]} 45. Qe4 {[%clk 00:12:27]} {[%emt 00:02:01]} Qd6 {[%clk 00:17:38]}
{[%emt 00:03:33]} 46. g4 {[%clk 00:09:00]} {[%emt 00:03:57]} Qf6 {[%clk
00:13:15]} {[%emt 00:04:52]} 47. Kg2 {[%clk 00:05:32]} {[%emt 00:03:59]} Ng6
{[%clk 00:08:48]} {[%emt 00:04:58]} 48. Qe8+ {[%clk 00:05:15]} {[%emt
00:00:46]} Kb7 {[%clk 00:08:51]} {[%emt 00:00:26]} 49. Qe4 {[%clk 00:05:07]}
{[%emt 00:00:39]} Qd6 {[%clk 00:07:32]} {[%emt 00:01:50]} 50. g5 {[%clk
00:02:46]} {[%emt 00:02:50]} Nf4+ {[%clk 00:03:06]} {[%emt 00:04:56]} 51. Kf3
{[%clk 00:03:01]} {[%emt 00:00:15]} Nxd5 {[%clk 00:02:43]} {[%emt 00:00:53]}
52. h4 {[%clk 00:02:55]} {[%emt 00:00:36]} Qf8+ {[%clk 00:02:16]} {[%emt
00:00:57]} 53. Kg4 {[%clk 00:02:34]} {[%emt 00:00:50]} Qf7 {[%clk 00:01:30]}
{[%emt 00:01:17]} 54. g6 {[%clk 00:01:55]} {[%emt 00:01:09]} Qd7+ {[%clk
00:01:20]} {[%emt 00:00:40]} 55. Kg5 {[%clk 00:02:03]} {[%emt 00:00:20]} Qe7+
{[%clk 00:00:34]} {[%emt 00:01:18]} 56. Qxe7 {[%clk 00:02:15]} {[%emt
00:00:18]} Nxe7 {[%clk 00:01:01]} {[%emt 00:00:03]} 57. h5 {[%clk 00:01:09]}
{[%emt 00:01:36]} Ng8 {[%clk 00:01:16]} {[%emt 00:00:15]} 58. h6 {[%clk
00:01:28]} {[%emt 00:00:11]} 1-0

[Event "DVM U16 2021"]
[Site "Kiel GER"]
[Date "2022.07.25"]
[Round "5"]
[White "Schedel, Loris"]
[Black "Franzky, Julian"]
[Result "1-0"]
[Termination "normal"]
[Board "6.3"]
[WhiteElo "1520"]
[BlackElo "1382"]
[WhiteClock "00:23:24"]
[BlackClock "00:16:53"]
[WhiteTeam "SF 1876 Göppingen"]
[BlackTeam "TV Tegernsee"]
[PlyCount "105"]
[WhiteFideId "16255542"]
[BlackFideId "16291603"]
[EventCountry "GER"]
[EventRounds "7"]
[EventType "team-swiss"]
[EventDate "2022.07.22"]

1. e4 {[%clk 01:30:40]} {[%emt 00:00:18]} e5 {[%clk 01:30:59]} {[%emt
00:00:01]} 2. Nf3 {[%clk 01:30:58]} {[%emt 00:00:13]} Nc6 {[%clk 01:31:28]}
{[%emt 00:00:01]} 3. Bc4 {[%clk 01:31:11]} {[%emt 00:00:16]} Bc5 {[%clk
01:31:52]} {[%emt 00:00:06]} 4. c3 {[%clk 01:31:32]} {[%emt 00:00:09]} Nf6
{[%emt 00:00:14]} 5. d4 {[%emt 00:00:54]} exd4 {[%clk 01:31:01]} {[%emt
00:00:14]} 6. e5 {[%clk 01:31:54]} {[%emt 00:00:08]} d5 {[%clk 01:31:26]}
{[%emt 00:00:05]} 7. Bb5 {[%clk 01:32:15]} {[%emt 00:00:09]} Ne4 {[%clk
01:30:15]} {[%emt 00:01:41]} 8. cxd4 {[%clk 01:32:34]} {[%emt 00:00:10]} Bb4+
{[%clk 01:28:02]} {[%emt 00:02:43]} 9. Bd2 {[%clk 01:32:53]} {[%emt 00:00:12]}
Nxd2 {[%clk 01:26:54]} {[%emt 00:01:38]} 10. Nbxd2 {[%clk 01:31:40]} {[%emt
00:01:42]} O-O {[%clk 01:26:30]} {[%emt 00:00:55]} 11. O-O {[%clk 01:31:26]}
{[%emt 00:00:43]} Ne7 {[%clk 01:22:59]} {[%emt 00:04:01]} 12. a3 {[%clk
01:31:02]} {[%emt 00:00:55]} Ba5 {[%clk 01:23:00]} {[%emt 00:00:29]} 13. b4
{[%clk 01:31:09]} {[%emt 00:00:22]} Bb6 {[%clk 01:23:20]} {[%emt 00:00:10]} 14.
h3 {[%clk 01:25:25]} {[%emt 00:06:14]} c6 {[%clk 01:23:22]} {[%emt 00:00:28]}
15. Bd3 {[%clk 01:25:04]} {[%emt 00:00:52]} Nf5 {[%clk 01:22:43]} {[%emt
00:01:05]} 16. Nb3 {[%clk 01:21:59]} {[%emt 00:03:38]} Re8 {[%clk 01:20:56]}
{[%emt 00:02:11]} 17. Qc2 {[%clk 01:19:36]} {[%emt 00:02:59]} Nh4 {[%clk
01:17:45]} {[%emt 00:03:40]} 18. Nbd2 {[%clk 01:12:24]} {[%emt 00:07:43]} h6
{[%clk 01:15:39]} {[%emt 00:02:37]} 19. Kh2 {[%clk 01:06:15]} {[%emt 00:06:38]}
Nxf3+ {[%clk 01:13:53]} {[%emt 00:02:14]} 20. Nxf3 {[%clk 01:05:47]} {[%emt
00:01:01]} Qe7 {[%clk 01:12:30]} {[%emt 00:01:54]} 21. Rae1 {[%clk 01:00:52]}
{[%emt 00:05:23]} Bc7 {[%clk 01:07:32]} {[%emt 00:05:29]} 22. g3 {[%clk
00:55:23]} {[%emt 00:05:58]} Qd7 {[%clk 01:05:31]} {[%emt 00:02:31]} 23. Ng1
{[%clk 00:53:14]} {[%emt 00:02:39]} Bb6 {[%clk 01:04:27]} {[%emt 00:01:35]} 24.
Qc3 {[%clk 00:49:00]} {[%emt 00:04:44]} Re7 {[%clk 00:55:33]} {[%emt 00:09:23]}
25. f4 {[%clk 00:47:10]} {[%emt 00:02:19]} a5 {[%clk 00:49:26]} {[%emt
00:06:39]} 26. Re2 {[%clk 00:40:35]} {[%emt 00:07:04]} axb4 {[%clk 00:46:44]}
{[%emt 00:03:13]} 27. axb4 {[%clk 00:39:12]} {[%emt 00:01:53]} Qc7 {[%clk
00:40:48]} {[%emt 00:06:26]} 28. f5 {[%clk 00:36:24]} {[%emt 00:03:17]} Re8
{[%clk 00:38:28]} {[%emt 00:02:51]} 29. Nf3 {[%clk 00:30:04]} {[%emt 00:06:50]}
Qb8 {[%clk 00:33:50]} {[%emt 00:05:08]} 30. Nh4 {[%clk 00:27:02]} {[%emt
00:03:31]} Qa7 {[%clk 00:32:10]} {[%emt 00:02:10]} 31. Rf4 {[%clk 00:25:11]}
{[%emt 00:02:21]} Qa3 {[%clk 00:30:00]} {[%emt 00:02:36]} 32. Qd2 {[%clk
00:23:58]} {[%emt 00:01:48]} Qa1 {[%clk 00:27:42]} {[%emt 00:02:48]} 33. Rg4
{[%clk 00:19:52]} {[%emt 00:04:36]} Bxd4 {[%clk 00:26:56]} {[%emt 00:01:15]}
34. Nf3 {[%clk 00:19:01]} {[%emt 00:01:22]} Bxf5 {[%clk 00:19:48]} {[%emt
00:07:38]} 35. Rxd4 {[%clk 00:14:54]} {[%emt 00:04:36]} Be6 {[%clk 00:18:14]}
{[%emt 00:02:03]} 36. Rh4 {[%clk 00:14:49]} {[%emt 00:00:35]} Rf8 {[%clk
00:14:12]} {[%emt 00:04:26]} 37. Rxh6 {[%clk 00:12:15]} {[%emt 00:03:11]} gxh6
{[%clk 00:11:48]} {[%emt 00:02:54]} 38. Qxh6 {[%emt 00:02:01]} Rfd8 {[%clk
00:11:03]} 39. Bh7+ {[%clk 00:12:14]} {[%emt 00:00:16]} Kh8 {[%clk 00:11:18]}
{[%emt 00:00:15]} 40. Ng5 {[%clk 00:11:55]} {[%emt 00:00:48]} Qf1 {[%clk
00:10:15]} {[%emt 00:01:31]} 41. Bf5+ {[%clk 00:08:55]} {[%emt 00:03:31]} Kg8
{[%clk 00:10:05]} {[%emt 00:00:41]} 42. Qh7+ {[%emt 00:07:13]} Kf8 {[%clk
00:10:23]} 43. Nxe6+ {[%clk 00:02:32]} {[%emt 00:00:22]} Ke7 {[%clk 00:27:50]}
{[%emt 00:13:03]} 44. Qh4+ {[%clk 00:32:13]} {[%emt 00:00:47]} Ke8 {[%clk
00:25:07]} {[%emt 00:03:15]} 45. Nc7+ {[%clk 00:31:55]} {[%emt 00:00:47]} Kf8
{[%clk 00:24:43]} {[%emt 00:00:55]} 46. Qh8+ {[%clk 00:32:11]} {[%emt
00:00:14]} Ke7 {[%clk 00:24:48]} {[%emt 00:00:26]} 47. Qf6+ {[%clk 00:31:51]}
{[%emt 00:00:48]} Kf8 {[%clk 00:24:57]} {[%emt 00:00:23]} 48. Ne6+ {[%clk
00:27:48]} {[%emt 00:04:33]} Ke8 {[%clk 00:24:40]} {[%emt 00:00:46]} 49. Rg2
{[%clk 00:23:08]} {[%emt 00:05:11]} Qxg2+ {[%clk 00:17:58]} {[%emt 00:07:11]}
50. Kxg2 {[%clk 00:23:07]} {[%emt 00:00:31]} fxe6 {[%clk 00:18:07]} {[%emt
00:00:22]} 51. Bxe6 {[%clk 00:22:55]} {[%emt 00:00:41]} Rd7 {[%clk 00:16:27]}
{[%emt 00:02:10]} 52. Bxd7+ {[%clk 00:23:05]} {[%emt 00:00:20]} Kxd7 {[%clk
00:16:53]} {[%emt 00:00:05]} 53. Qf7+ {[%clk 00:23:24]} {[%emt 00:00:10]} 1-0

[Event "DVM U16 2021"]
[Site "Kiel GER"]
[Date "2022.07.25"]
[Round "5"]
[White "Mainka, Alwin"]
[Black "Abou Wally, Adrian"]
[Result "1/2-1/2"]
[Termination "normal"]
[Board "7.1"]
[WhiteElo "2011"]
[BlackElo "1624"]
[WhiteClock "00:43:42"]
[BlackClock "00:13:16"]
[WhiteTeam "DJK Arminia Eilendorf 1919 e. V."]
[BlackTeam "SV Schott Jena"]
[PlyCount "111"]
[WhiteFideId "16241177"]
[BlackFideId "16245113"]
[EventCountry "GER"]
[EventRounds "7"]
[EventType "team-swiss"]
[EventDate "2022.07.22"]

1. e4 {[%clk 01:30:55]} {[%emt 00:00:03]} e5 {[%clk 01:30:56]} {[%emt
00:00:05]} 2. Nf3 {[%clk 01:31:17]} {[%emt 00:00:07]} Nc6 {[%clk 01:31:20]}
{[%emt 00:00:07]} 3. Bb5 {[%clk 01:31:40]} {[%emt 00:00:06]} a6 {[%clk
01:31:45]} {[%emt 00:00:06]} 4. Ba4 {[%clk 01:32:04]} {[%emt 00:00:05]} Nf6
{[%clk 01:32:06]} {[%emt 00:00:10]} 5. O-O {[%clk 01:32:26]} {[%emt 00:00:07]}
Nxe4 {[%clk 01:30:12]} {[%emt 00:02:26]} 6. Re1 {[%clk 01:29:01]} {[%emt
00:03:54]} d5 {[%clk 01:19:12]} {[%emt 00:11:31]} 7. d3 {[%clk 01:25:02]}
{[%emt 00:04:28]} b5 {[%clk 01:06:19]} {[%emt 00:13:23]} 8. Bb3 {[%clk
01:23:51]} {[%emt 00:01:40]} Nf6 {[%clk 01:02:24]} {[%emt 00:04:26]} 9. Nxe5
{[%clk 01:23:54]} {[%emt 00:00:27]} Nxe5 {[%clk 01:02:11]} {[%emt 00:00:42]}
10. d4 {[%clk 01:13:58]} {[%emt 00:10:27]} Be6 {[%clk 00:58:14]} {[%emt
00:04:26]} 11. Rxe5 {[%clk 01:14:12]} {[%emt 00:00:16]} Bd6 {[%clk 00:54:48]}
{[%emt 00:03:56]} 12. Re1 {[%clk 01:14:29]} {[%emt 00:00:13]} h6 {[%clk
00:53:22]} {[%emt 00:01:57]} 13. Nd2 {[%clk 01:12:50]} {[%emt 00:02:08]} O-O
{[%clk 00:53:36]} {[%emt 00:00:17]} 14. c3 {[%clk 01:08:04]} {[%emt 00:05:16]}
c6 {[%clk 00:48:01]} {[%emt 00:06:05]} 15. Bc2 {[%clk 01:08:00]} {[%emt
00:00:34]} Qd7 {[%clk 00:45:17]} {[%emt 00:03:13]} 16. Nf1 {[%clk 01:06:29]}
{[%emt 00:02:01]} Bf5 {[%clk 00:41:43]} {[%emt 00:04:04]} 17. Ng3 {[%clk
01:05:38]} {[%emt 00:01:22]} Bxc2 {[%clk 00:40:52]} {[%emt 00:01:21]} 18. Qxc2
{[%clk 01:05:55]} {[%emt 00:00:13]} Rfe8 {[%clk 00:37:09]} {[%emt 00:04:12]}
19. Be3 {[%clk 01:00:52]} {[%emt 00:05:34]} Ne4 {[%clk 00:30:45]} {[%emt
00:06:54]} 20. Nf1 {[%clk 00:59:47]} {[%emt 00:01:35]} Re7 {[%clk 00:29:12]}
{[%emt 00:02:03]} 21. f3 {[%clk 00:58:40]} {[%emt 00:01:37]} Nf6 {[%clk
00:27:51]} {[%emt 00:01:51]} 22. Ng3 {[%clk 00:55:01]} {[%emt 00:04:09]} Qc7
{[%clk 00:22:49]} {[%emt 00:05:31]} 23. Qf2 {[%clk 00:34:38]} {[%emt 00:20:54]}
Qd7 {[%clk 00:16:42]} {[%emt 00:06:37]} 24. Qc2 {[%clk 00:27:56]} {[%emt
00:07:11]} Qc7 {[%clk 00:16:21]} {[%emt 00:00:52]} 25. Kf2 {[%clk 00:27:28]}
{[%emt 00:00:58]} Bxg3+ {[%clk 00:13:25]} {[%emt 00:03:26]} 26. hxg3 {[%clk
00:27:51]} {[%emt 00:00:07]} Rae8 {[%clk 00:13:22]} {[%emt 00:00:33]} 27. Bf4
{[%clk 00:25:32]} {[%emt 00:02:49]} Qd8 {[%clk 00:10:56]} {[%emt 00:02:54]} 28.
g4 {[%clk 00:24:31]} {[%emt 00:01:33]} Nh7 {[%clk 00:08:46]} {[%emt 00:02:39]}
29. Bg3 {[%clk 00:24:33]} {[%emt 00:00:28]} Nf8 {[%clk 00:07:10]} {[%emt
00:02:05]} 30. Qf5 {[%clk 00:24:10]} {[%emt 00:00:53]} Ng6 {[%clk 00:06:56]}
{[%emt 00:00:45]} 31. Kf1 {[%clk 00:23:50]} {[%emt 00:00:50]} Re6 {[%clk
00:05:48]} {[%emt 00:01:39]} 32. Rxe6 {[%clk 00:23:20]} {[%emt 00:00:59]} Rxe6
{[%clk 00:06:15]} {[%emt 00:00:03]} 33. Re1 {[%clk 00:23:40]} {[%emt 00:00:10]}
Qe7 {[%clk 00:04:44]} {[%emt 00:02:01]} 34. Rxe6 {[%clk 00:22:51]} {[%emt
00:01:19]} Qxe6 {[%clk 00:05:07]} {[%emt 00:00:07]} 35. Qxe6 {[%clk 00:23:15]}
{[%emt 00:00:06]} fxe6 {[%clk 00:05:36]} {[%emt 00:00:01]} 36. Bd6 {[%clk
00:23:38]} {[%emt 00:00:07]} Kf7 {[%clk 00:05:41]} {[%emt 00:00:25]} 37. f4
{[%clk 00:23:40]} {[%emt 00:00:28]} Ke8 {[%clk 00:04:02]} {[%emt 00:02:09]} 38.
g3 {[%clk 00:23:33]} {[%emt 00:00:37]} Ne7 {[%clk 00:02:16]} {[%emt 00:02:16]}
39. Kg2 {[%clk 00:22:42]} {[%emt 00:01:21]} Kf7 {[%clk 00:02:11]} {[%emt
00:00:35]} 40. Kf3 {[%clk 00:22:27]} {[%emt 00:00:45]} g6 {[%clk 00:01:09]}
{[%emt 00:01:32]} 41. Bc5 {[%clk 00:20:43]} {[%emt 00:02:14]} Ng8 {[%clk
00:19:01]} {[%emt 00:12:37]} 42. g5 {[%clk 00:47:51]} {[%emt 00:03:23]} h5
{[%clk 00:16:56]} {[%emt 00:02:35]} 43. g4 {[%clk 00:47:45]} {[%emt 00:00:36]}
hxg4+ {[%clk 00:17:00]} {[%emt 00:00:27]} 44. Kxg4 {[%clk 00:48:10]} {[%emt
00:00:05]} Ne7 {[%clk 00:17:17]} {[%emt 00:00:13]} 45. Kf3 {[%clk 00:48:25]}
{[%emt 00:00:14]} Nf5 {[%clk 00:17:12]} {[%emt 00:00:34]} 46. b3 {[%clk
00:47:33]} {[%emt 00:01:23]} Ke8 {[%clk 00:16:49]} {[%emt 00:00:53]} 47. a4
{[%clk 00:47:23]} {[%emt 00:00:39]} Kd7 {[%clk 00:15:29]} {[%emt 00:01:51]} 48.
Bb4 {[%clk 00:47:06]} {[%emt 00:00:46]} Kc7 {[%clk 00:14:08]} {[%emt 00:01:52]}
49. Ba5+ {[%clk 00:46:54]} {[%emt 00:00:42]} Kd7 {[%clk 00:14:15]} {[%emt
00:00:23]} 50. Ke2 {[%clk 00:46:02]} {[%emt 00:01:16]} Nh4 {[%clk 00:14:24]}
{[%emt 00:00:27]} 51. Kf2 {[%clk 00:45:33]} {[%emt 00:00:57]} Nf5 {[%clk
00:14:27]} {[%emt 00:00:30]} 52. Bb6 {[%clk 00:44:55]} {[%emt 00:01:07]} Nh4
{[%clk 00:14:19]} {[%emt 00:00:38]} 53. Ba7 {[%clk 00:44:37]} {[%emt 00:00:47]}
Kc8 {[%clk 00:14:26]} {[%emt 00:00:23]} 54. axb5 {[%clk 00:44:47]} {[%emt
00:00:20]} cxb5 {[%clk 00:13:58]} {[%emt 00:00:59]} 55. Bc5 {[%clk 00:43:52]}
{[%emt 00:01:25]} Kd7 {[%clk 00:13:16]} {[%emt 00:01:13]} 56. Kg3 {[%clk
00:43:42]} {[%emt 00:00:40]} 1/2-1/2